000 00417nam a22001697a 4500
005 20180425112003.0
008 160531b xxu||||| |||| 00| 0 eng d
020 _a81-203-2255-x
041 _aeng
082 _b6273
_a351
100 _aHenrry, Nicholas
_94283
245 _aPublic Administration and Public Affairs
260 _aNew Delhi
_bPHI,
_c2004
300 _a443
650 _aManagement
_9241
942 _cBK
999 _c2219
_d2218